Statistics for Who starred in this movie (i.e. top or first-billed)?

Click here to take the quiz!

General Stats

  • This quiz has been taken 49 times
  • The average score is 9 of 15

Answer Stats

HintAnswer% Correct
The Sound of MusicJulie Andrews
93%
Mad MaxMel Gibson
93%
GladiatorRussell Crowe
91%
Breakfast at Tiffany'sAudrey Hepburn
87%
CleopatraElizabeth Taylor
84%
CasablancaHumphrey Bogart
84%
Gone With The WindClark Gable
78%
The Great EscapeSteve McQueen
67%
CabaretLiza Minnelli
60%
The Magnificient SevenYul Brynner
58%
JawsRobert Shaw
29%
The Pink PantherDavid Niven
16%
The King & I (original)Deborah Kerr
16%
The Big CountryGregory Peck
16%
TopkapiMelina Mercouri
4%

Score Distribution

Percentile by Number Answered

Percent of People with Each Score

Your Score History

You have not taken this quiz